000 00312nam a2200109Ia 4500
008 241014s9999||||xx |||||||||||||| ||und||
020 _a0-8247-0706-0
100 _aDiaz Roberto Rodriguez
245 0 _aAnalytical Techniques for Biopharmaceutics Devlopment
260 _bInforma healthcare
_c2005
942 _bDCOP
_cBK
999 _c4300
_d4300